00705 2200265 4500001002100000005001500021035002000036007000300056008004100059020001800100082001300118084002300131084002300154100003000177245008900207250001000296260003900306300001900345600002200364990000900386990000900395990000900404990001300413990001300426INLIS00000000000769820230712031444 a0010-1221000196ta230712 g 0 ind  a9786023110953 a297.1221 a297.1221 MUQ a C.1 a297.1221 MUQ a C.20 aMuqbil bin hadi al-wadi'i1 aAsbabun Nuzul :bLatar belakang turunnya ayat al-qur'an /cMuqbil bin hadi al-wadi'i acet.1 aYogyakarta :bHikam pustaka,c2021 a376hlm ;c15cm 4aAlquran - Sejarah a4814 a4815 a4816 a023.3629 a023.3630